00823nam a22002417a 45000010005000000030006000050050017000110080041000280200015000690400029000840500011001130820014001241000036001382450124001742500041002982600034003393000039003735050007004125200083004195210018005026500029005207000032005497579FISKH20250724142023.0250724b cb ||||| |||| 00| 0 eng d a0590475320 aFISKHbengcFISKHdFISKH a QL858 a 596.0132 aLauber, Patriciad(1924–2010) aWhat big teeth you have! /cBy Patricia Lauber ; Illustrated by Martha Weston ; Cover illustration by Andrea Z.Tachiera aThis edition first published in 1993 aNew York :bScholastic,c1986 a60 pages :billustrations ;c23 cm aN  aExplains how teeth are clues to what animals eat and how they get their food. 8 a590 bLexile  2Animals - GeneralaTeeth aWeston, Marthadillustrator